बी. एम. श्रीकंठय्य, अनु0 गिरधर राठी (Record no. 891531)

MARC details
000 -LEADER
fixed length control field 01253nam a2200301Ia 4500
003 - CONTROL NUMBER IDENTIFIER
control field OSt
005 - DATE AND TIME OF LATEST TRANSACTION
control field 20220930190044.0
008 - FIXED-LENGTH DATA ELEMENTS--GENERAL INFORMATION
fixed length control field 220926b |||||||| |||| 00| 0 kan d
037 ## - SOURCE OF ACQUISITION
Terms of availability Textbook
040 ## - CATALOGING SOURCE
Original cataloging agency CRL
Transcribing agency CRL
Language of cataloging kan
041 ## - LANGUAGE CODE
Source of code kan
Language code of text/sound track or separate title kan
100 ## - MAIN ENTRY--PERSONAL NAME
Personal name राव, ए. एन. मूर्ति
9 (RLIN) 558581
245 #0 - TITLE STATEMENT
Title बी. एम. श्रीकंठय्य, अनु0 गिरधर राठी
246 ## - VARYING FORM OF TITLE
Title proper/short title Bī. Ema. Shrīkanṭhayya, anu0 giradhar rāṭhī
250 ## - EDITION STATEMENT
Edition statement द्वितीय संस्करण
260 ## - PUBLICATION, DISTRIBUTION, ETC.
Place of publication, distribution, etc. नई दिल्ली,
Name of publisher, distributor, etc. साहित्य अकादेमी, भारत
Date of publication, distribution, etc. 1982
300 ## - PHYSICAL DESCRIPTION
Extent 58पृ0
Dimensions cm.
490 ## - SERIES STATEMENT
Series statement भारतीय साहित्य के निर्माता
650 ## - SUBJECT ADDED ENTRY--TOPICAL TERM
Topical term or geographic name entry element कन्नड़ साहित्य
700 ## - ADDED ENTRY--PERSONAL NAME
Personal name राठी, गिरधर, अनु.
942 ## - ADDED ENTRY ELEMENTS (KOHA)
Classification part O33,1M84w, 152M2
Koha item type Textbook
Source of classification or shelving scheme Colon Classification (CC)
Holdings
Withdrawn status Lost status Damaged status Not for loan Home library Current library Date acquired Source of acquisition Cost, normal purchase price Total Checkouts Full call number Barcode Date last seen Cost, replacement price Price effective from Koha item type Public note
        Central Library Central Library 2022-09-30 533, 19/03/2009, Vani Prakashan 75.00   O33,1M84w 152M2 CL1428602 2022-09-30 75.00 2022-09-30 Textbook Translated from Kannad to Hindi.
Copyright @ Delhi University Library System